[Event "C.to Mondiale U18"]
[Site "Bratislava SVK"]
[Date "1993.07.??"]
[Round "1"]
[White "Sammalvuo, Tapani"]
[Black "Schacher, Gerd"]
[WhiteElo "2270"]
[BlackElo "1959"]
[Result "1/2-1/2"]
[PlyCount "88"]
[EventDate "1993.07.18"]

1. e4 c5 2. Nf3 d6 3. d4 cxd4 4. Nxd4 Nf6 5. Nc3 a6 6. Be3 e5 7. Nb3 Be6 8. Be2
Be7 9. O-O O-O 10. Qd2 Nbd7 11. a4 Rc8 12. Bf3 Bc4 13. Rfd1 Qc7 14. Qe1 Ra8 15.
a5 b5 16. axb6 Nxb6 17. Be2 Rfc8 18. Na4 Nxa4 19. Rxa4 Bxe2 20. Qxe2 Qxc2 21.
Qxc2 Rxc2 22. Rd2 Rxd2 23. Nxd2 d5 24. Bg5 dxe4 25. Nxe4 Nd5 26. Bxe7 Nxe7 27.
b4 Nd5 28. Nc5 Rc8 29. g3 a5 30. Rxa5 Nxb4 31. Ne4 f6 32. Rb5 Nd3 33. Kf1 h6
34. Ke2 Rd8 35. Nc3 Nc1+ 36. Ke1 Rd4 37. f3 Nd3+ 38. Kf1 Kh7 39. Ne4 Nb4 40.
Rb7 Nd5 41. Kf2 Kg6 42. Nd6 Nc7 43. Nc8 Nd5 44. Nd6 Nc7 1/2-1/2

[Event "C.to Mondiale U18"]
[Site "Bratislava SVK"]
[Date "1993.07.??"]
[Round "3"]
[White "Jukic, Zdenko"]
[Black "Schacher, Gerd"]
[Result "0-1"]
[WhiteElo "2240"]
[BlackElo "1959"]
[PlyCount "84"]
[EventDate "1993.07.18"]

1. e4 c5 2. c3 Nf6 3. e5 Nd5 4. d4 cxd4 5. Nf3 Nc6 6. Bc4 e6 7. cxd4 Nb6 8. Bb3
d5 9. O-O Be7 10. Nc3 O-O 11. Bc2 Nd7 12. Qd3 f5 13. exf6 Nxf6 14. a3 Qe8 15.
Ne2 Bd6 16. Ng5 e5 17. Nxh7 e4 18. Nxf6+ Rxf6 19. Qc3 Qh5 20. Ng3 Bxg3 21. hxg3
Bg4 22. Bb3 Kf7 23. Bf4 Ne7 24. Qc7 Rh8 25. f3 exf3 26. Kf2 fxg2 27. Rg1 Rc8
28. Qe5 Qxe5 29. dxe5 Rb6 30. Bd1 Rxb2+ 31. Ke3 Nf5+ 32. Kd3 Bxd1 33. Raxd1 Ke6
34. Rd2 Rb3+ 35. Ke2 Nxg3+ 36. Bxg3 Rxg3 37. Kf2 Rcc3 38. Rb2 b6 39. a4 Rcf3+
40. Ke2 Rb3 41. Rc2 Ra3 42. Kf2 Rg5 0-1

[Event "C.to Mondiale U18"]
[Site "Bratislava SVK"]
[Date "1993.07.??"]
[Round "4"]
[White "Schacher, Gerd"]
[Black "Hausrath, Daniel"]
[Result "0-1"]
[WhiteElo "1959"]
[BlackElo "2280"]
[PlyCount "88"]
[EventDate "1993.07.18"]

1. c4 g6 2. Nc3 Bg7 3. d4 Nf6 4. e4 d6 5. f3 O-O 6. Be3 e5 7. d5 Nh5 8. Qd2
Qh4+ 9. g3 Nxg3 10. Qf2 Nxf1 11. Qxh4 Nxe3 12. Ke2 Nxc4 13. b3 Nb6 14. Rc1 Na6
15. Nh3 Bd7 16. Rhd1 f6 17. Nf2 f5 18. Nh3 Rae8 19. Rg1 c6 20. exf5 Bxf5 21.
Ng5 h6 22. Nge4 Rd8 23. Rcd1 Nb4 24. Nf6+ Bxf6 25. Qxb4 c5 26. Qa5 Nc8 27. Ne4
Bh4 28. Rdf1 Rd7 29. Qd2 Kh7 30. Ng3 Bh3 31. Rf2 Rdf7 32. a3 Rf4 33. Rd1 Ne7
34. b4 Rd4 35. Qc2 Nxd5 36. Rxd4 cxd4 37. Qc4 Be6 38. Ke1 Rc8 39. Qb5 Bg5 40.
Ne4 Rc1+ 41. Ke2 Be3 42. Qxb7+ Rc7 43. Nf6+ Kh8 44. Qb8+ Rc8 0-1

[Event "C.to Mondiale U18"]
[Site "Bratislava SVK"]
[Date "1993.07.??"]
[Round "5"]
[White "Forster, Richard"]
[Black "Schacher, Gerd"]
[Result "1-0"]
[WhiteElo "2305"]
[BlackElo "1959"]
[PlyCount "81"]
[EventDate "1993.07.18"]

1. e4 c5 2. Nf3 d6 3. d4 cxd4 4. Nxd4 Nf6 5. Nc3 a6 6. Bc4 e6 7. Be3 Be7 8. Bb3
b5 9. f4 b4 10. Na4 O-O 11. c3 bxc3 12. Nxc3 Bb7 13. Qf3 Nc6 14. Nxc6 Bxc6 15.
O-O Qc7 16. f5 e5 17. Bg5 Rac8 18. Rac1 Qb7 19. Bxf6 Bxf6 20. Rcd1 Rfd8 21. Qg4
a5 22. Rd2 a4 23. Bd5 Qb6+ 24. Kh1 Bb5 25. Rfd1 Rc7 26. h4 Be8 27. Qh3 Qb4 28.
a3 Qa5 29. g4 Rdc8 30. Rf1 Bb5 31. Rff2 Bd8 32. g5 Rxc3 33. bxc3 Rxc3 34. Qg4
Bb6 35. Qh5 Rc1+ 36. Kg2 Qa7 37. Rc2 Rxc2 38. Rxc2 Bc5 39. Rb2 Bg1 40. Qd1 Qc5
41. Qxg1 1-0

[Event "C.to Mondiale U18"]
[Site "Bratislava SVK"]
[Date "1993.07.??"]
[Round "6"]
[White "Schacher, Gerd"]
[Black "Vitor, Antonio"]
[Result "1-0"]
[WhiteElo "1959"]
[BlackElo "2170"]
[PlyCount "80"]
[EventDate "1993.07.18"]

1. c4 e5 2. Nc3 d6 3. d4 exd4 4. Qxd4 Nc6 5. Qd2 g6 6. b3 Bg7 7. Bb2 Nf6 8. g3
O-O 9. Nh3 Ne5 10. Nf4 c6 11. Bg2 Qe7 12. O-O Bf5 13. Rad1 Rfd8 14. e4 Be6 15.
Ba3 Ne8 16. h3 Qd7 17. Kh2 Qc8 18. Qc2 f6 19. c5 Nf7 20. Na4 Bf8 21. Rfe1 Be7
22. Re2 Ng7 23. Red2 dxc5 24. Rxd8+ Nxd8 25. Nxc5 Qc7 26. Nfxe6 Ngxe6 27. Rd7
Qa5 28. Nxe6 Qxa3 29. Qc4 Nxe6 30. Qxe6+ Kf8 31. Bf1 Qc5 32. Kg2 Qe5 33. Rxe7
Qxe6 34. Rxe6 Kf7 35. Rd6 Ke7 36. Rd2 Ke6 37. f4 g5 38. Bc4+ Ke7 39. Kf3 b5 40.
Be2 h5 1-0

[Event "C.to Mondiale U18"]
[Site "Bratislava SVK"]
[Date "1993.07.??"]
[Round "8"]
[White "Schacher, Gerd"]
[Black "Petre, Nad-Titus"]
[WhiteElo "1959"]
[BlackElo "2185"]
[Result "1/2-1/2"]
[PlyCount "39"]
[EventDate "1993.07.18"]

1. c4 e5 2. Nc3 d6 3. d4 exd4 4. Qxd4 Nf6 5. b3 Nc6 6. Qd2 Be6 7. e4 a5 8. Bb2
a4 9. Rd1 axb3 10. axb3 Be7 11. Nf3 O-O 12. Be2 Nd7 13. Nd5 Bxd5 14. exd5 Nce5
15. Nxe5 Nxe5 16. O-O Bf6 17. Ra1 Qe7 18. Rfe1 Rfe8 19. Bf1 Qd7 20. h3 1/2-1/2

[Event "C.to Mondiale U18"]
[Site "Bratislava SVK"]
[Date "1993.07.??"]
[Round "9"]
[White "Van De Mortel, Jan"]
[Black "Schacher, Gerd"]
[Result "1-0"]
[WhiteElo "2300"]
[BlackElo "1959"]
[PlyCount "87"]
[EventDate "1993.07.18"]

1. d4 Nf6 2. Nf3 g6 3. c4 Bg7 4. Nc3 O-O 5. e4 d6 6. Be2 e5 7. O-O Nc6 8. d5
Ne7 9. Ne1 Nd7 10. Be3 f5 11. f3 f4 12. Bf2 g5 13. b4 Nf6 14. c5 Ng6 15. Rc1
Rf7 16. cxd6 cxd6 17. a4 Bf8 18. a5 Bd7 19. Kh1 Qe8 20. Nc2 h5 21. Na3 g4 22.
Ncb5 g3 23. Bg1 Rg7 24. Nc7 Qd8 25. Bb5 Bc8 26. Nxa8 Nh4 27. Rc2 Bh3 28. Bxa7
Qxa8 29. Bb6 Nd7 30. Bxd7 Bxd7 31. Rc7 Kh8 32. Rxd7 Rxd7 33. h3 Be7 34. Qc2 Bd8
35. Bxd8 Qxd8 36. Rc1 Ng6 37. Qc8 Qxc8 38. Rxc8+ Kg7 39. Nb5 Ne7 40. Rc7 Rxc7
41. Nxc7 Nc8 42. b5 Kf7 43. b6 Ke7 44. a6 1-0

[Event "C.to Mondiale U18"]
[Site "Bratislava SVK"]
[Date "1993.07.??"]
[Round "10"]
[White "Schacher, Gerd"]
[Black "Vavra, Pavel"]
[Result "1-0"]
[WhiteElo "1959"]
[BlackElo "2350"]
[PlyCount "59"]
[EventDate "1993.07.18"]

1. c4 c6 2. d4 d5 3. Nf3 Nf6 4. Nbd2 Bf5 5. g3 h6 6. Bg2 e6 7. O-O Be7 8. b3
Nbd7 9. Bb2 O-O 10. Ne5 Qc7 11. Ndf3 Rfd8 12. Qc1 a5 13. Nh4 Bh7 14. cxd5 exd5
15. Bh3 a4 16. Nf5 Bf8 17. Qf4 Qb6 18. Nxh6+ gxh6 19. Bxd7 Bg7 20. Bf5 Bxf5 21.
Qxf5 axb3 22. axb3 Qxb3 23. Rxa8 Rxa8 24. Bc1 Rf8 25. Bxh6 Bxh6 26. Rb1 Qa2 27.
Rxb7 Qa1+ 28. Kg2 Qxd4 29. Nxf7 Bg7 30. Ng5 1-0

[Event "C.to Mondiale U18"]
[Site "Bratislava SVK"]
[Date "1993.07.??"]
[Round "11"]
[White "Schacher, Gerd"]
[Black "Dzhumaev, Marat"]
[Result "0-1"]
[WhiteElo "1959"]
[BlackElo "2385"]
[PlyCount "48"]
[EventDate "1993.07.18"]

1. c4 f5 2. Nc3 Nf6 3. Nf3 g6 4. g3 Bg7 5. Bg2 O-O 6. O-O d6 7. d3 e5 8. Rb1 a5
9. a3 h6 10. b4 axb4 11. axb4 Nc6 12. b5 Ne7 13. Bb2 g5 14. Ra1 Rxa1 15. Qxa1
f4 16. Qa7 Ng4 17. Nd5 Nxd5 18. cxd5 Qe8 19. b6 fxg3 20. hxg3 Qh5 21. Rb1 cxb6
22. Qxb6 Bf5 23. Qxb7 Bxd3 24. Bxe5 dxe5 0-1